1619 1513 1070 1820 1717 1151 1544 1320 1653 1260 1072 1775 1362 1643 1151 1584 1261 1397 1973 1298 1060 1990 1243 1277 1367 1662 1524 1013 1043 1812 1175 1966 1494 1770 1579 1155 1517 1243 1455 1656 1058 1261 1755 1468 1931 1994 1676 1543 1321 1636 1381 1539 1937 1658 1303 1213 1631 1944 1750 1184 1691 1787 1137 1537 1644 1359 1965 1923 1681 1293 1894 1344 1983 1911 1699 1413 1273 1757 1530 1870 1468 1198 1127 1334 1700 1791 1134 1118 1423 1849 1124 1511 1461 1808 1563 1164 1908 1463 1483 BCNSPRNW ULIB Ver.6.0+V

เปลี่ยนเป็นภาษาไทย

Change to English
 แสดงรายละเอียดบรรณานุกรม
  กลับหน้าหลัก

Brief Record : Get Marc (ISO 2709) : E-mail record : QR code < ปิดหน้าต่าง
LEADER : 00000nam 2200000uu 4500
001    13399109483
003     ULIB
008    110403s2546||||th 000 0 tha d
020    9746443542
060 04 WB115^bม166ม 2546
245 00 Management of common diseases in medicine March 19-21,2003 /^cบรรณาธิการ, วิไลวรรณ วิริยะไชโย
250    พิมพ์ครั้งที่ 1
260    [สงขลา] :^bคณะแพทยศาสตร์ มหาวิทยาลัยสงขลานครินทร์,^c2546
300    196 หน้า :^bภาพประกอบ ;^c30 ซม.
650  7 การรักษาโรค
650  7 อายุรศาสตร์^vรวมเรื่อง
700 0  วิไลวรรณ วิริยะไชโย,^eบรรณาธิการ
710 2  มหาวิทยาลัยสงขลานครินทร์. ^bคณะแพทยศาสตร์
945    ^p250^l0^i017116
945    ^p250^l0^i016927
995    ทศพร
999 ^a ใช้งานได้ทุกระบบ
รายการนี้ยังไม่มีแท็ก
คุณยังไม่ได้ล็อกอิน คุณสามารถมีกิจกรรมร่วมกับเว็บไซต์ได้ แต่ต้องล็อกอินก่อน ::
  ล็อกอิน

รายการสื่อสารสนเทศ

ลำดับที่ ประเภท เลขเรียก/บาร์โค้ด สถานที่ สถานะ
- ไม่พบข้อมูล -

รายการใกล้เคียง
    หัวเรื่อง [การรักษาโรค]

BibComment


ยังไม่เคยถูกคอมเมนท์

คอมเมนท์ทรัพยากรรายการนี้
  คอมเมนท์: Management of com..


 Copyright 2026. Bcnsprnw @Library